[Event "NED-ch U13 Girls"]
[Site "Rijswijk"]
[Date "2011.06.02"]
[Round "2"]
[White "Langeveld, Esmee"]
[Black "Ter Welle, Karien"]
[Result "1-0"]
[WhiteElo "866"]
[BlackElo "735"]
[PlyCount "93"]
[EventDate "2011.06.02"]
[EventType "swiss"]
[EventRounds "9"]
[EventCountry "NED"]
[SourceTitle "EXT 2012"]
[Source "ChessBase"]
[SourceDate "2011.11.24"]
[SourceVersion "1"]
[SourceVersionDate "2011.11.24"]
[SourceQuality "1"]

1. e4 e5 2. Nf3 Nc6 3. Bb5 Nf6 4. Bxc6 bxc6 5. Nxe5 Qe7 6. d4 Nxe4 7. Qf3 d5 8. Nxc6 Qe6 9. Ne5 f6 10. Qh5+ g6 11. Nxg6 hxg6 12. Qxh8 Ng3+ 13. Be3 Nxh1 14. Nc3 Ba6 15. Qh7 0-0-0 16. 0-0-0 f5 17. Rxh1 Qb6 18. Qf7 Bc4 19. Bg5 Qxd4 20. Qe6+ Rd7 21. Qe8+ Kb7 22. Qxd7 Bb4 23. Rd1 Qe5 24. Nxd5 Bxd5 25. Qxd5+ Qxd5 26. Rxd5 c6 27. Rd7+ Kc8 28. Rxa7 Kb8 29. Rg7 Bf8 30. Rg8 Kb7 31. Rxf8 c5 32. Rf6 c4 33. Rxg6 f4 34. Bxf4 c3 35. bxc3 Ka8 36. Be3 Kb8 37. Rg7 Kc8 38. h4 Kd8 39. h5 Ke8 40. h6 Kf8 41. Ra7 Kg8 42. Kd2 Kh8 43. Kd3 Kg8 44. Ke4 Kh8 45. Kf5 Kg8 46. Kg6 Kh8 47. Ra8# 1-0

[Event "NED-ch U13 Girls"]
[Site "Rijswijk"]
[Date "2011.06.02"]
[Round "3"]
[White "Ter Welle, Karien"]
[Black "Langeveld, Sterre"]
[Result "1/2-1/2"]
[WhiteElo "735"]
[BlackElo "723"]
[PlyCount "99"]
[EventDate "2011.06.02"]
[EventType "swiss"]
[EventRounds "9"]
[EventCountry "NED"]
[SourceTitle "EXT 2012"]
[Source "ChessBase"]
[SourceDate "2011.11.24"]
[SourceVersion "1"]
[SourceVersionDate "2011.11.24"]
[SourceQuality "1"]

1. e4 e5 2. Nf3 Nc6 3. Bb5 Bd6 4. 0-0 Nf6 5. Nc3 Nd4 6. Ng5 c6 7. Bc4 0-0 8. d3 h6 9. Nf3 Nxf3+ 10. Qxf3 b5 11. Bb3 Bb4 12. Qg3 Nh5 13. Qg4 Nf6 14. Qg3 Kh8 15. Qxe5 Qe8 16. Qf5 d5 17. Qf4 dxe4 18. dxe4 Bxc3 19. bxc3 Qxe4 20. Qxe4 Nxe4 21. Re1 Bf5 22. c4 Nc5 23. cxb5 Nxb3 24. axb3 cxb5 25. c4 bxc4 26. bxc4 Rfe8 27. Rxe8+ Rxe8 28. h3 Rc8 29. Ra4 Rd8 30. Be3 Bc2 31. Rxa7 Rc8 32. c5 f5 33. g3 g5 34. Ra6 Kg7 35. Bd4+ Kh7 36. c6 Rd8 37. c7 Rc8 38. Be5 f4 39. gxf4 gxf4 40. Bxf4 Rg8+ 41. Kh1 Be4+ 42. Kh2 Rg2+ 43. Kh1 Rxf2+ 44. Kg1 Rg2+ 45. Kf1 Rc2 46. Re6 Bd3+ 47. Kg1 Bf5 48. Rf6 Bxh3 49. Rd6 Rxc7 50. Bxh6 1/2-1/2